000 00418nam a2200145Ia 4500
008 231129s1994||||xx |||||||||||||| ||spa||
020 _a958-657-030-4
040 _bspa
082 _aR 621.38415 G643c
100 _aGonzalez G. Felipe
245 0 _aCurso practico de radio AM-FM: antenas banda ciudadanay radioaficion
260 _c1994
264 _aCekit.
942 _2ddc
_cBKS
999 _c8677
_d8677